Úroveň úverových zlyhaní v novembri 2012

Väčšina typov úverov zaznamenala pokles podielu ich nesplácania. Z celkovo štyroch typov sledovaných úverov z celkového kompozitného indexu až tri typy zaznamenali pokles úrovne nesplácania. Vyplýva to z údajov zverejnených spoločnosťami S&P Dow Jones Indices a Experian. Hodnoty indexov úverového zl...

Ausführliche Beschreibung

Gespeichert in:
Bibliographische Detailangaben
1. Verfasser: Kmeťko, Miroslav, 1969-
Weitere Verfasser: Polednáková, Anna, 1957-
Format: Buchkapitel
Sprache:Slowakisch
Schlagworte:
Tags: Tag hinzufügen
Keine Tags, Fügen Sie das erste Tag hinzu!

MARC

LEADER 00000nla a2200000 4500
001 0174372
005 20240502072955.5
041 0 |a slo 
044 |a SK 
245 1 0 |a Úroveň úverových zlyhaní v novembri 2012  |c Miroslav Kmeťko, Anna Polednáková 
520 |a Väčšina typov úverov zaznamenala pokles podielu ich nesplácania. Z celkovo štyroch typov sledovaných úverov z celkového kompozitného indexu až tri typy zaznamenali pokles úrovne nesplácania. Vyplýva to z údajov zverejnených spoločnosťami S&P Dow Jones Indices a Experian. Hodnoty indexov úverového zlyhania v USA podľa typu úveru a podľa miest. 
610 2 0 |a trh kapitálový 
610 2 0 |a úver 
610 2 0 |a USA 
100 1 |a Kmeťko, Miroslav, 1969- 
700 1 |a Polednáková, Anna, 1957-